Music Quiz

Random Music Quiz

Monstercat: Most Viewed Songs In Each Album Quiz Stats

 Plays Quiz not verified by Sporcle

Score 0/20 Timer 06:00
0 Plays Today
Album Song % Correct
001 - Launch WeekGoing Quantum - Hello?
74.5%
012 - AftermathTristam & Braken - Flight
74.5%
007 - SolacePegboard Nerds - Disconnected
71.2%
017 - AscensionAero Chord - Surface
65.4%
005 - EvolutionTristam - Follow Me
59.5%
013 - AwakeningPegboard Nerds & Tristam - Razor Sharp
56.9%
003 - MomentumStephen Walking - Top of The World
54.2%
018 - FrontierPegboard Nerds - Here It Comes
50.3%
010 - ConquestPegboard Nerds - Self Destruct
49%
015 - OutlookBraken - To The Stars
48.4%
Album Song % Correct
016 - ExpeditionTristam - Till It's Over
45.8%
002 - Early StageNoisestorm - Airwaves
42.5%
004 - IdentityDotEXE - Run Away From Me
40.5%
008 - AnniversaryPegboard Nerds - Pressure Cooker
40.5%
019 - EndeavourPegboard Nerds - Emergency
39.9%
011 - RevolutionRogue - Dreams (feat. Laura Brehm)
35.3%
020 - AltitudeTut Tut Child - Breathe (feat. Danyka Nadeau)
30.7%
009 - ReunionKrewella - One Minute (DotEXE's Dopest Dope Remix)
29.4%
006 - EmbraceHot Date! & Chrisson - Overcome (This Time)
28.1%
014 - DiscoveryPIXL - Sugar Rush
28.1%

You're not logged in!

Compare scores with friends on all Sporcle quizzes.
OR
Log In

Sporcle TV

Today on Sporcle TV


Watch our educational content, quiz creation guides, and fun videos on Sporcle TV.

Show Comments

Extras

Created Jan 2, 2015ReportNominate
Tags:cat, Electronic Music

Top Quizzes Today


Score Distribution

Your Account Isn't Verified!

In order to create a playlist on Sporcle, you need to verify the email address you used during registration. Go to your Sporcle Settings to finish the process.

Report this User

Report this user for behavior that violates our Community Guidelines.

Details: